[Event "Online Olym Div3 A"]
[Site "Chess.com INT"]
[Date "2021.08.29"]
[Round "9.1"]
[White "De Silva, LMST"]
[Black "Paudel, Yubraj"]
[Result "1-0"]
[WhiteElo "2085"]
[BlackElo "1837"]
[PlyCount "59"]
[EventDate "2021.08.27"]
[EventType "team-tourn (rapid)"]
[EventRounds "9"]
[EventCountry "USA"]
[SourceTitle "CBM 204 Extra"]
[Source "ChessBase"]
[SourceDate "2021.11.30"]
[SourceVersion "1"]
[SourceVersionDate "2021.11.30"]
[SourceQuality "1"]
[WhiteTeam "Sri Lanka"]
[BlackTeam "Nepal"]
[WhiteTeamCountry "SRI"]
[BlackTeamCountry "NEP"]

1. e4 c5 2. Nf3 d6 3. Bb5+ Bd7 4. Bxd7+ Nxd7 5. 0-0 Ngf6 6. Qe2 e6 7. c3 Be7 8. d4 cxd4 9. cxd4 e5 10. Nc3 0-0 11. Rd1 Qa5 12. Bd2 Qa6 13. Qxa6 bxa6 14. dxe5 dxe5 15. Be3 Rfb8 16. b3 Bc5 17. Nxe5 Bxe3 18. Nxd7 Nxd7 19. Rxd7 Bc5 20. Nd5 Re8 21. Re1 Rac8 22. g3 f5 23. b4 Bf8 24. e5 Rc2 25. e6 Rxa2 26. e7 Bxe7 27. Nxe7+ Kf8 28. Kf1 g6 29. Nc6 Rc8 30. Re6 1-0

[Event "Online Olym Div3 A"]
[Site "Chess.com INT"]
[Date "2021.08.28"]
[Round "5.1"]
[White "Bai, Adelard"]
[Black "Paudel, Yubraj"]
[Result "1-0"]
[WhiteElo "2399"]
[BlackElo "1837"]
[PlyCount "83"]
[EventDate "2021.08.27"]
[EventType "team-tourn (rapid)"]
[EventRounds "9"]
[EventCountry "USA"]
[SourceTitle "CBM 204 Extra"]
[Source "ChessBase"]
[SourceDate "2021.11.30"]
[SourceVersion "1"]
[SourceVersionDate "2021.11.30"]
[SourceQuality "1"]
[WhiteTeam "Taiwan"]
[BlackTeam "Nepal"]
[WhiteTeamCountry "TPE"]
[BlackTeamCountry "NEP"]

1. d4 Nf6 2. Nf3 g6 3. Bf4 Bg7 4. e3 d6 5. h3 0-0 6. Nbd2 Nc6 7. Be2 Nh5 8. Bh2 e5 9. 0-0 f5 10. dxe5 dxe5 11. Nc4 Qe7 12. Ncxe5 Nxe5 13. Nxe5 Rd8 14. Nd3 Bxb2 15. Rb1 Bf6 16. Bxh5 gxh5 17. Qxh5 Kh8 18. Nf4 Rg8 19. Nd5 Qe4 20. Qxh7+ Kxh7 21. Nxf6+ Kh8 22. Nxe4 fxe4 23. Bxc7 Bxh3 24. Be5+ Kh7 25. Rxb7+ Kh6 26. Bf4+ Kg6 27. gxh3 Kf6+ 28. Kh2 Rac8 29. Rd1 Rc6 30. Rxa7 Rh8 31. Ra5 Ke6 32. Re5+ Kf7 33. Rd7+ Kg6 34. Rg5+ Kf6 35. Rdg7 Rxc2 36. Kg3 Re8 37. Kg4 Ke6 38. R5g6+ Kd5 39. Rd7+ Kc5 40. Rc7+ Kb5 41. Rxc2 Re6 42. Rxe6 1-0

[Event "Online Olym Div3 A"]
[Site "Chess.com INT"]
[Date "2021.08.27"]
[Round "1.1"]
[White "Laohawirapap, Prin"]
[Black "Paudel, Yubraj"]
[Result "1-0"]
[WhiteElo "2125"]
[BlackElo "1837"]
[PlyCount "93"]
[EventDate "2021.08.27"]
[EventType "team-tourn (rapid)"]
[EventRounds "9"]
[EventCountry "USA"]
[SourceTitle "CBM 204 Extra"]
[Source "ChessBase"]
[SourceDate "2021.11.30"]
[SourceVersion "1"]
[SourceVersionDate "2021.11.30"]
[SourceQuality "1"]
[WhiteTeam "Thailand"]
[BlackTeam "Nepal"]
[WhiteTeamCountry "THA"]
[BlackTeamCountry "NEP"]

1. e4 c5 2. Nc3 g6 3. d4 cxd4 4. Qxd4 Nf6 5. Nf3 Nc6 6. Qa4 Qa5 7. Qxa5 Nxa5 8. Nb5 Rb8 9. e5 Nd5 10. Nxa7 Nb4 11. Kd1 b6 12. c3 Nbc6 13. Nxc6 Nxc6 14. Bb5 Bg7 15. Re1 0-0 16. Bf4 Bb7 17. e6 Rbd8 18. Bc7 Rc8 19. exf7+ Rxf7 20. Bxb6 d5 21. Ng5 Rf6 22. Ne6 Bh6 23. f3 Kf7 24. Nd4 Ne5 25. Ba5 Nc4 26. Bb4 e5 27. Bxc4 exd4 28. Bd3 dxc3 29. Re7+ Kg8 30. Bxc3 Rb6 31. a4 Bf8 32. Re2 Ba6 33. Bxa6 Rxa6 34. Rd2 Rd8 35. Bd4 Bb4 36. Re2 Rda8 37. b3 Rb8 38. Rc1 Bd6 39. Rc3 Bxh2 40. Re7 Bd6 41. Rg7+ Kf8 42. Rxh7 Ra5 43. Rc6 Bf4 44. Rf6+ Kg8 45. Rd7 g5 46. Rh6 Be5 47. Bxe5 1-0

[Event "Online Olym Div4 A"]
[Site "Chess.com INT"]
[Date "2021.08.21"]
[Round "5.3"]
[White "Paudel, Yubraj"]
[Black "Prasad, Rudr"]
[Result "1-0"]
[WhiteElo "1837"]
[BlackElo "1566"]
[PlyCount "91"]
[EventDate "2021.08.20"]
[EventType "team (rapid)"]
[EventRounds "11"]
[EventCountry "USA"]
[SourceTitle "CBM 203 Extra"]
[Source "ChessBase"]
[SourceDate "2021.09.30"]
[SourceVersion "1"]
[SourceVersionDate "2021.09.30"]
[SourceQuality "1"]
[WhiteTeam "Nepal"]
[BlackTeam "Fiji"]
[WhiteTeamCountry "NEP"]
[BlackTeamCountry "FIJ"]

1. d4 Nf6 2. c4 g6 3. Nc3 Bg7 4. e4 d6 5. Be2 0-0 6. Be3 e5 7. d5 Nbd7 8. f3 Ne8 9. Qd2 f5 10. Bg5 Nef6 11. h4 f4 12. h5 h6 13. Bxf6 Qxf6 14. hxg6 Qxg6 15. Bf1 c6 16. 0-0-0 c5 17. Kb1 b6 18. Nge2 a6 19. Rg1 Qf7 20. g3 h5 21. gxf4 exf4 22. Bh3 Ne5 23. Bxc8 Raxc8 24. Rxg7+ Kxg7 25. Qe1 Nxf3 26. Qh1 Ne5 27. Rf1 f3 28. Ng3 Kh6 29. Nf5+ Kh7 30. Nxd6 Qg6 31. Nxc8 Rxc8 32. Rg1 Ng4 33. Qxf3 Rc7 34. Rf1 Ne5 35. Qe2 Rf7 36. Rh1 Ng4 37. d6 Qxd6 38. Rxh5+ Nh6 39. Nd5 Qg6 40. a3 Qg1+ 41. Ka2 Qg6 42. e5 Rf5 43. Rxf5 Qxf5 44. e6 Qf8 45. e7 Qe8 46. Nf6+ 1-0

[Event "Online Olym Div4 A"]
[Site "Chess.com INT"]
[Date "2021.08.20"]
[Round "1.5"]
[White "Paudel, Yubraj"]
[Black "Arkadan, Adib"]
[Result "1/2-1/2"]
[WhiteElo "1837"]
[BlackElo "1742"]
[PlyCount "151"]
[EventDate "2021.08.20"]
[EventType "team (rapid)"]
[EventRounds "11"]
[EventCountry "USA"]
[SourceTitle "CBM 203 Extra"]
[Source "ChessBase"]
[SourceDate "2021.09.30"]
[SourceVersion "1"]
[SourceVersionDate "2021.09.30"]
[SourceQuality "1"]
[WhiteTeam "Nepal"]
[BlackTeam "Lebanon"]
[WhiteTeamCountry "NEP"]
[BlackTeamCountry "LBN"]

1. d4 Nf6 2. c4 g6 3. Nc3 Bg7 4. e4 d6 5. Be2 c5 6. d5 b5 7. cxb5 a6 8. a4 axb5 9. Bxb5+ Bd7 10. Bxd7+ Nbxd7 11. Nge2 Qa5 12. 0-0 Qb4 13. Re1 Nxe4 14. Nxe4 Qxe4 15. Nc3 Qd4 16. Qxd4 Bxd4 17. Nb5 Kf8 18. Nxd4 cxd4 19. Bh6+ Ke8 20. Bg7 Rg8 21. Bxd4 f6 22. Rec1 Ne5 23. Rc7 Kf7 24. f4 Nd3 25. g3 Nb4 26. a5 Nxd5 27. Rb7 Ra6 28. b4 Rga8 29. Kf2 h5 30. Kf3 Nxb4 31. Rxb4 Rxa5 32. Re1 Ra3+ 33. Kg2 Ra2+ 34. Kh3 g5 35. fxg5 e5 36. Be3 Rc2 37. gxf6 Raa2 38. Bg1 Kxf6 39. Rf1+ Ke6 40. Rh4 d5 41. Rxh5 d4 42. Re1 Re2 43. Rb1 Reb2 44. Rxb2 Rxb2 45. Rh8 d3 46. Rd8 e4 47. Re8+ Kd5 48. Rd8+ Kc4 49. Rd4+ Kc3 50. Rxe4 d2 51. Rd4 Rb1 52. Be3 d1Q 53. Rxd1 Rxd1 54. Kg4 Kd3 55. Bf4 Ke4 56. h4 Rd8 57. h5 Rg8+ 58. Bg5 Ke5 59. Kh4 Ke6 60. g4 Kf7 61. Bh6 Rh8 62. g5 Rxh6 63. gxh6 Kg8 64. Kg4 Kh7 65. Kg5 Kh8 66. Kg6 Kg8 67. Kf6 Kh8 68. Kg6 Kg8 69. h7+ Kh8 70. Kf6 Kxh7 71. Kg5 Kg7 72. h6+ Kh7 73. Kh5 Kh8 74. Kg6 Kg8 75. h7+ Kh8 76. Kh6 1/2-1/2

[Event "Jiri op"]
[Site "Jiri"]
[Date "2020.11.20"]
[Round "3"]
[White "Paudel, Yubraj"]
[Black "Dahal, Ram Chandra"]
[Result "1-0"]
[WhiteElo "1797"]
[BlackElo "1540"]
[PlyCount "39"]
[EventDate "2020.11.19"]
[EventType "swiss"]
[EventRounds "7"]
[EventCountry "NEP"]
[SourceTitle "EXT 2022"]
[Source "ChessBase"]
[SourceDate "2021.10.06"]
[SourceVersion "1"]
[SourceVersionDate "2021.10.06"]
[SourceQuality "1"]

1. d4 d5 2. c4 Nf6 3. cxd5 Nxd5 4. e4 Nf6 5. Nc3 Nc6 6. e5 Nd5 7. Bc4 e6 8. Nf3 Bb4 9. Qd3 Ba5 10. 0-0 Bxc3 11. bxc3 0-0 12. Ng5 g6 13. Qh3 h5 14. Ne4 Nde7 15. g4 Kg7 16. gxh5 Rh8 17. h6+ Kf8 18. Bg5 Nxd4 19. cxd4 Qxd4 20. Rad1 1-0

[Event "Online Olym Div4 A"]
[Site "Chess.com INT"]
[Date "2020.08.01"]
[Round "4.5"]
[White "Paudel, Yubraj"]
[Black "Oluka, Robert Mcligeyo"]
[Result "1-0"]
[WhiteElo "1797"]
[BlackElo "1688"]
[PlyCount "73"]
[EventDate "2020.07.31"]
[EventType "team-tourn (rapid)"]
[EventRounds "9"]
[EventCountry "USA"]
[SourceTitle "CBM 198"]
[Source "ChessBase"]
[SourceDate "2020.10.31"]
[SourceVersion "1"]
[SourceVersionDate "2020.10.31"]
[SourceQuality "1"]
[WhiteTeam "Nepal"]
[BlackTeam "Kenya"]
[WhiteTeamCountry "NEP"]
[BlackTeamCountry "KEN"]

1. d4 Nf6 2. Nf3 c5 3. d5 d6 4. c4 g6 5. Nc3 Bg7 6. e4 e5 7. Be2 0-0 8. 0-0 Ne8 9. Bg5 Qb6 10. Be7 Qxb2 11. Qc1 Qb6 12. Bxf8 Bxf8 13. a4 a6 14. a5 Qc7 15. Qd2 Bg7 16. Na4 Nd7 17. Rfb1 f5 18. Ng5 Bh6 19. h4 fxe4 20. Qc2 Bxg5 21. hxg5 Qd8 22. Qd2 Ng7 23. g4 Rb8 24. Nc3 Nf8 25. Nxe4 Ne8 26. Rb6 Qc7 27. Kg2 Nd7 28. Rb3 Nf8 29. Rh1 Bd7 30. Rf3 Bxg4 31. Rxf8+ Kxf8 32. Bxg4 b5 33. axb6 Rxb6 34. Qe3 Rb4 35. Qf3+ Kg8 36. Be6+ Kh8 37. Qf8# 1-0

[Event "Kathmandu op"]
[Site "Kathmandu"]
[Date "2018.04.13"]
[Round "1"]
[White "Harsha, Bharathakoti"]
[Black "Paudel, Yubraj"]
[Result "1-0"]
[WhiteElo "2424"]
[BlackElo "1559"]
[PlyCount "55"]
[EventDate "2018.04.13"]
[EventType "swiss"]
[EventRounds "9"]
[EventCountry "NEP"]
[SourceTitle "CBM 183 Extra"]
[Source "ChessBase"]
[SourceDate "2018.04.19"]
[SourceVersion "1"]
[SourceVersionDate "2018.04.19"]
[SourceQuality "1"]

1. d4 Nf6 2. c4 g6 3. Nc3 Bg7 4. e4 0-0 5. Be2 d6 6. Be3 e5 7. d5 a5 8. g4 Na6 9. h4 Nc5 10. f3 c6 11. h5 Qe7 12. Qd2 Rd8 13. Nh3 cxd5 14. cxd5 Bd7 15. hxg6 fxg6 16. Bxc5 dxc5 17. d6 Qe8 18. Ng5 h6 19. Bc4+ Kf8 20. Bf7 Qxf7 21. Nxf7 Kxf7 22. g5 hxg5 23. Qxg5 Rg8 24. Qxe5 Be6 25. Qf4 Ke8 26. 0-0-0 Kd7 27. e5 g5 28. Qa4+ 1-0